La estupidez /

Guardado en:
Autor Principal: Spregelburd, Rafael.
Otros Autores: Koss, Natacha; prol.
Formato: Libro
Idioma:Undetermined
Publicado: Buenos Aires : Eudeba, 2021.
Edición:2a ed.
Series:Serie de los dos Siglos ; 24
Materias:
Etiquetas: Agregar Etiqueta
Sin Etiquetas, Sea el primero en etiquetar este registro!
LEADER 00948nam a22002775a 4500
001 CEM.cems019004
008 211102s2021####ag############000#0#und#d
005 20211109162732.0
003 CEMS
245 1 0 |a La estupidez /  |c Rafael Spregelburd ; prólogo de Natacha Koss. 
250 |a 2a ed. 
260 |a Buenos Aires :  |b Eudeba,  |c 2021. 
300 |a 204 p. 
490 1 |a Serie de los dos Siglos ;  |v 24 
500 |a Edición para Ministerio de Educación de la Nación Argentina. 
020 |a 9789502331515 
100 1 |a Spregelburd, Rafael. 
700 1 |a Koss, Natacha; prol. 
653 |a Literatura 
653 |a Literatura Argentina 
653 |a Teatro 
653 |a Teatro Argentino 
653 |a Colección Leer Abre Mundos 
859 |a CEMS  |b BIB. CEMS - Agricultura  |h A862.4  |i Sp78  |p A3349.21  |t Ej.1 
859 |a CEMS  |b BIB. CEMS - 11 de abril  |h A862.4  |i Sp78  |p 29273.21  |t Ej. 1 
859 |a CEMS  |b BIB. CEMS - 11 de abril  |h A862.4  |i Sp78  |p 29164.21  |t Ej. 2